书目信息 |
| 题名: |
麦克白
|
|
| 作者: | 莎士比亚 著 ;傅光明 译 | |
| 分册: | ||
| 出版信息: | 天津 天津人民出版社 2019.04 |
|
| 页数: | 240页 | |
| 开本: | 22cm | |
| 丛书名: | 新译莎士比亚全集 | |
| 单 册: | ||
| 中图分类: | I561.33 | |
| 科图分类: | ||
| 主题词: | 悲剧--bei ju--剧本--英国--中世纪 | |
| 电子资源: | ||
| ISBN: | 978-7-201-14318-7 | |
| 000 | 01232nam 2200277 450 | |
| 001 | 202019137089 | |
| 005 | 20191026133320.0 | |
| 010 | @a978-7-201-14318-7@b精装@dCNY68.00 | |
| 100 | @a20191022d2019 em y0chiy50 ea | |
| 101 | 1 | @achi@ceng |
| 102 | @aCN@b120000 | |
| 105 | @aa z 000by | |
| 106 | @ar | |
| 200 | 1 | @a麦克白@Amai ke bai@d= Macbeth@f(英) 威廉·莎士比亚著@g傅光明译@zeng |
| 210 | @a天津@c天津人民出版社@d2019.04 | |
| 215 | @a240页@c图@d22cm | |
| 225 | 2 | @a新译莎士比亚全集@Axin yi sha shi bi ya quan ji |
| 330 | @a《麦克白》创作于1606年, 同《哈姆雷特》《奥赛罗》《李尔王》被公认为是威廉·莎士比亚的“四大悲剧”, 讲述了11世纪, 苏格兰国王邓肯的表弟麦克白将军为国王平叛和抵御入侵立功归来, 路上遇到三个女巫对他说了一些预言和隐语。麦克白在夫人的怂恿下谋杀邓肯, 做了国王。但最终因为杀人太多而众叛亲离, 麦克白面对邓肯之子和他请来的英格兰援军的围攻, 只能以削首结束自己的生命。 | |
| 410 | 0 | @12001 @a新译莎士比亚全集 |
| 500 | 10 | @aMacbeth@mChinese |
| 606 | 0 | @a悲剧@Abei ju@x剧本@y英国@z中世纪 |
| 690 | @aI561.33@v5 | |
| 701 | 1 | @a莎士比亚@Asha shi bi ya@g(Shakespeare, William),@f1564-1616@4著 |
| 702 | 0 | @a傅光明@Afu guang ming@4译 |
| 801 | 0 | @aCN@c20190905 |
| 905 | @a河南城建学院图书馆@dI561.33@eS071-22 | |
| 麦克白= Macbeth/(英) 威廉·莎士比亚著/傅光明译.-天津:天津人民出版社,2019.04 |
| 240页:图;22cm.-(新译莎士比亚全集) |
| ISBN 978-7-201-14318-7(精装):CNY68.00 |
| 《麦克白》创作于1606年, 同《哈姆雷特》《奥赛罗》《李尔王》被公认为是威廉·莎士比亚的“四大悲剧”, 讲述了11世纪, 苏格兰国王邓肯的表弟麦克白将军为国王平叛和抵御入侵立功归来, 路上遇到三个女巫对他说了一些预言和隐语。麦克白在夫人的怂恿下谋杀邓肯, 做了国王。但最终因为杀人太多而众叛亲离, 麦克白面对邓肯之子和他请来的英格兰援军的围攻, 只能以削首结束自己的生命。 |
| ● |
| 相关链接 |
|
|
|
正题名:麦克白
索取号:I561.33/S071-22
 
预约/预借
| 序号 | 登录号 | 条形码 | 馆藏地/架位号 | 状态 | 备注 |
| 1 | 1445436 | 214454366 | 文学库116/116文学库 19排4列4层/ [索取号:I561.33/S071-22] | 在馆 | |
| 2 | 1445437 | 214454375 | 文学库116/116文学库 19排4列4层/ [索取号:I561.33/S071-22] | 在馆 |